000 00383nam a2200157Ia 4500
008 230711s9999||||xx |||||||||||||| ||und||
041 _aENG
082 _a621
_bRO-D
100 _aRoth, Charles H
245 0 _aDigital system design using VHDL
250 _a1st . Ed.
260 _c2007
_aNew York
_bThomson Brook
300 _a470
650 _aElectrical Engineering
942 _cBK
999 _c4885
_d4885